Mots de la langue française terminés par "cette" - Statistiques

Statistiques générales
  • Ce quiz a été pris 158 fois
  • Le résultat moyen est 7 sur 16
Statistiques - réponses
Indice Mot % Correct
petit instrument en fer à deux branches dont on se sert pour saisir certains objets. pincette
91%
petite place placette
84%
confiserie sucette
77%
prénom féminin Lucette
73%
petite monnaie piécette
73%
aspect de la personnalité facette
71%
elle peut être de cuisine recette
65%
prénom féminin Mauricette
48%
eau-de-vie bue dans une tasse, après le café rincette
43%
on la consomme en salade doucette
31%
instrument de chirurgie servant à ouvrir une veine, à percer un abcès lancette
13%
échassier avocette
12%
petite pince épincette
10%
sainfoin esparcette
6%
ancienne coiffure garcette
6%
petite vrille percette
2%
Aucun quiz correspondant
Distribution des résultats
% des personnes avec chaque résultat
Percentile par nombre de réponses
Votre historique - résultats
Vous n’avez pas pris ce quiz